000 00679nam a2200217 a 4500
001 000010321
005 20240412074217.0
008 091006s1975 dr r 001 p spa d
040 _aDO-SdBNP
_bspa
_cBNPHU
082 _aRD861.44
_bE77m, 1975
100 1 _aEspaillat, Luis Ariel
_925336
245 1 0 _aMis poemas y tu nombre /
_cLuis Ariel Espaillat.
250 _a3a ed.
260 _aSanto Domingo :
_bUASD,
_c1975.
300 _a42 p. ;
_c21 cm.
590 _aInventariado, 2018/BT
650 0 _aPoesía dominicana
_966
650 0 _aLiteratura dominicana.
_967
710 1 _aUniversidad Autónoma de Santo Domingo
_972951
910 _aValidado. Control de calidad. MMOLINA
999 _c10080
_d10080